| 000 | 00735nam a2200253Ia 4500 | ||
|---|---|---|---|
| 003 | OSt | ||
| 005 | 20220925204929.0 | ||
| 006 | a|||||r|||| 00| 0 | ||
| 007 | ta | ||
| 008 | 220923b |||||||| |||| 00| 0 eng d | ||
| 037 | _cGeneral Book | ||
| 040 |
_aRTL _cRTL _beng |
||
| 041 |
_2eng _aeng |
||
| 082 | _aY:3(N), L9 | ||
| 100 |
_aCordwell Justine M Ed. _9269283 |
||
| 245 | 0 |
_aVisual arts _b Plastic and graphic |
|
| 260 |
_aHague _bMouton _c1979 |
||
| 300 |
_axii, 818p _ccm. |
||
| 490 | _aWorld Anthropology. Ed by Sol Tax | ||
| 500 | _aBibliography Chapter & P 795-802 | ||
| 650 |
_aFine Art society _9239872 |
||
| 942 |
_hY:3(N), L9 _cGB _2CC |
||
| 999 |
_c550808 _d550808 |
||